Famous Criminals, Assassins and Criminal Celebs - Statistics

General Stats
  • This quiz has been taken 100 times
  • The average score is 4 of 5
Answer Stats
Picture Answer % Correct
Al Capone
85%
Bill Cosby
85%
Charles Manson
85%
Lee Harvey Oswald
63%
Paul Reubens
33%
No matching quizzes found
Score Distribution
Percent of People with Each Score
Percentile by Number Answered
Your Score History
You have not taken this quiz